ARRUPE JESUIT UNIVERSITY

CORONAVIRUS -STOP THE SPREAD - CLEAN,DISINFECT,COVER

The Christian response to industrial capitalism / (Record no. 119623)

MARC details
000 -LEADER
fixed length control field 01041cam a2200313ua 4500
001 - CONTROL NUMBER
control field 4458048
003 - CONTROL NUMBER IDENTIFIER
control field ARRUPE
005 - DATE AND TIME OF LATEST TRANSACTION
control field 20140121144026.0
008 - FIXED-LENGTH DATA ELEMENTS--GENERAL INFORMATION
fixed length control field 861111s1986 enk b 001 0 eng d
020 ## - INTERNATIONAL STANDARD BOOK NUMBER
International Standard Book Number 0722019750
035 ## - SYSTEM CONTROL NUMBER
System control number (OCoLC)14974578
035 ## - SYSTEM CONTROL NUMBER
System control number (OCoLC)ocm14974578
035 ## - SYSTEM CONTROL NUMBER
System control number (NNC)4458048
040 ## - CATALOGING SOURCE
Original cataloging agency NBiSU
Transcribing agency NBiSU
Modifying agency NNUT
043 ## - GEOGRAPHIC AREA CODE
Geographic area code e-uk---
090 ## - LOCALLY ASSIGNED LC-TYPE CALL NUMBER (OCLC); LOCAL CALL NUMBER (OCLC)
Classification number (OCLC) (R) ; Classification number, CALL (RLIN) (NR) BR115.C3
Local cutter number (OCLC) ; Book number/undivided call number, CALL (RLIN) C42 1986
300 ## - PHYSICAL DESCRIPTION
Dimensions 22 cm.
100 1# - MAIN ENTRY--PERSONAL NAME
Personal name Charlton, William.
9 (RLIN) 6842
245 14 - TITLE STATEMENT
Title The Christian response to industrial capitalism /
Statement of responsibility, etc William Charlton, Tatiana Mallinson, Robert Oakeshott.
260 ## - PUBLICATION, DISTRIBUTION, ETC. (IMPRINT)
Place of publication, distribution, etc London :
Name of publisher, distributor, etc Sheed & Ward,
Date of publication, distribution, etc 1986.
300 ## - PHYSICAL DESCRIPTION
Extent 263 p. ;
504 ## - BIBLIOGRAPHY, ETC. NOTE
Bibliography, etc Includes bibliographical references and index.
650 #0 - SUBJECT ADDED ENTRY--TOPICAL TERM
Topical term or geographic name as entry element Capitalism
General subdivision Religious aspects
-- Christianity.
9 (RLIN) 6843
650 #0 - SUBJECT ADDED ENTRY--TOPICAL TERM
Topical term or geographic name as entry element Capitalism
Geographic subdivision Great Britain
General subdivision Religious aspects.
9 (RLIN) 6844
650 #0 - SUBJECT ADDED ENTRY--TOPICAL TERM
Topical term or geographic name as entry element Capitalism
General subdivision Religious aspects
-- Catholic Church.
9 (RLIN) 6845
700 1# - ADDED ENTRY--PERSONAL NAME
Personal name Mallinson, Tatiana.
9 (RLIN) 6846
700 1# - ADDED ENTRY--PERSONAL NAME
Personal name Oakeshott, Robert.
9 (RLIN) 6847
942 ## - ADDED ENTRY ELEMENTS (KOHA)
Source of classification or shelving scheme Library of Congress Classification
Koha item type Monograph ( Printed materials)
Holdings
Withdrawn status Lost status Source of classification or shelving scheme Damaged status Not for loan Home library Current library Date acquired Total Checkouts Full call number Barcode Date last seen Price effective from Koha item type
    Library of Congress Classification     ARRUPE LIBRARY ARRUPE LIBRARY 21/01/2014   BR115.C3C486 464122795 15/11/2016 21/01/2014 Monograph ( Printed materials)

 

Arrupe Library. PO Box MP320 Mt Pleasant, Harare, Zimbabwe
263 242 745411|librarian@aju.ac.zw